The ultimate brain trainer / (Record no. 91488)

MARC details
000 -LEADER
fixed length control field 00560nam a22001817a 4500
005 - DATE AND TIME OF LATEST TRANSACTION
control field 20150324113848.0
010 ## - LCCN (DPL NO)
LC control number ENG-112190
020 ## - INTERNATIONAL STANDARD BOOK NUMBER
International Standard Book Number 9789350097564
Terms of availability 299.00
035 ## - SYSTEM CONTROL NUMBER
System control number EN-95722
037 ## - SOURCE OF ACQUISITION
Source of stock number/acquisition DBAD/PUB
082 ## - DEWEY DECIMAL CLASSIFICATION NUMBER
Classification number 153.4
100 ## - MAIN ENTRY--PERSONAL NAME
Personal name Verma, Abhinav
245 ## - TITLE STATEMENT
Title The ultimate brain trainer /
Statement of responsibility, etc by Abhinav Verma
260 ## - PUBLICATION, DISTRIBUTION, ETC. (IMPRINT)
Place of publication, distribution, etc Gurgaon
Name of publisher, distributor, etc Hachette Book Publishing
Date of publication, distribution, etc 2014
270 ## - ADDRESS
Address 4th & 5th Floor, Corporate Centre, Plot No.94, Sector -44
City Gurgaon
Postal code 122003
300 ## - PHYSICAL DESCRIPTION
Extent 200p.:
Dimensions 21cm(pbk)
Other physical details ill.
942 ## - ADDED ENTRY ELEMENTS (KOHA)
Source of classification or shelving scheme Dewey Decimal Classification
Item type English Books
Call number suffix VER
Classification part 153.4
Holdings
Withdrawn status Lost status Not for loan Collection code Home library Current library Date acquired Source of acquisition Cost, normal purchase price Full call number Barcode Copy number Cost, replacement price Koha item type
    Not For Loan Fiction D.B.Act.Division D.B.Act.Division 18/02/2015 DBAD/PUB 299.00 153.4 VER EN-95722 1 299.00 English Books

© Delhi Public Library
Hit Counter
free hit counter